| 000 | 01907nam0a2200397 4500 | ||
|---|---|---|---|
| 001 | RU\NLR\bibl\1781423 | ||
| 005 | 20250616134917.0 | ||
| 010 |
_a978-5-903063-75-8 _9500 |
||
| 021 |
_aRU _b2011-40670 _92886 |
||
| 035 | _a(nilc)RSL-KNO-004952252 | ||
| 035 | _a(NLR Aleph) 001772173 | ||
| 090 |
_a1644748 _c1644748 |
||
| 100 | _a20110531d2010 |||y0rusy50 ca | ||
| 101 | 0 | _arus | |
| 102 | _aRU | ||
| 105 | _aa ||||||||| | ||
| 200 | 1 |
_aОрганизационно-экономические основы эффективного развития системы высшего образования _e(монография) _fАбдуллаева Т. К., Гамидова Н. Э., Муллахмедова С. С. _gМ-во образования и науки РФ, Гос. образовательное учреждение высш. проф. образования "Дагестанский гос. технический ун-т", Каф. менеджмента |
|
| 210 |
_aМахачкала _cНаука плюс _d2010 |
||
| 215 |
_a249 с. _cил., табл. _d20 |
||
| 320 | _aБиблиогр.: с. 233-241 | ||
| 606 | 1 |
_aВысшее образование _xОрганизация _92095731 _3RU\NLR\auth\661268022 |
|
| 606 | 1 |
_aВысшее образование _xЭкономика _91379588 _3RU\NLR\auth\66265179 |
|
| 686 |
_aЧ484(2)8,0 _2rubbk |
||
| 686 | _aЧ484(0)7 | ||
| 686 | _aЧ484(0)8 | ||
| 700 | 1 |
_aАбдуллаева _bТ. К. _4070 |
|
| 701 | 1 |
_aГамидова _bН. Э. _gНаида Эминовна _4070 |
|
| 701 | 1 |
_aМуллахмедова _bС. С. _gСветлана Сергоевна _4070 |
|
| 801 | 0 |
_aRU _bRuMoRKP _c20110531 _grcr |
|
| 801 | 1 |
_aRU _bРГБ _c20110531 |
|
| 801 | 2 |
_aRU _bNLR _c20110620 _grcr |
|
| 830 | _aпо эк | ||
| 942 | _cBOOK | ||
| 980 | _aNB | ||
| 980 | _aNBR | ||